<?xml version="1.0" encoding="UTF-8"?>
<collection xmlns="http://www.loc.gov/MARC21/slim">
 <record>
  <leader>03566nam a2200313 a 4500</leader>
  <controlfield tag="001">1/44956</controlfield>
  <controlfield tag="008">140721s2004    ne            001 0 eng  </controlfield>
  <datafield tag="020" ind1=" " ind2=" ">
   <subfield code="a">9780120641550</subfield>
  </datafield>
  <datafield tag="020" ind1=" " ind2=" ">
   <subfield code="a">0120641550</subfield>
  </datafield>
  <datafield tag="020" ind1=" " ind2=" ">
   <subfield code="a">0080470254 (electronic bk.)</subfield>
  </datafield>
  <datafield tag="020" ind1=" " ind2=" ">
   <subfield code="a">9780080470252 (electronic bk.)</subfield>
  </datafield>
  <datafield tag="035" ind1=" " ind2=" ">
   <subfield code="l">47913</subfield>
  </datafield>
  <datafield tag="040" ind1=" " ind2=" ">
   <subfield code="a">OPELS</subfield>
   <subfield code="b">eng</subfield>
   <subfield code="c">OPELS</subfield>
   <subfield code="d">OKU</subfield>
   <subfield code="d">OCLCQ</subfield>
   <subfield code="d">OCLCO</subfield>
   <subfield code="d">MERUC</subfield>
   <subfield code="d">N$T</subfield>
   <subfield code="d">E7B</subfield>
   <subfield code="d">IDEBK</subfield>
   <subfield code="d">OCLCQ</subfield>
   <subfield code="d">OCLCF</subfield>
   <subfield code="d">GR-PeUP</subfield>
  </datafield>
  <datafield tag="100" ind1="1" ind2=" ">
   <subfield code="a">Arora, Jasbir S.</subfield>
  </datafield>
  <datafield tag="245" ind1="1" ind2="0">
   <subfield code="a">Introduction to optimum design</subfield>
   <subfield code="h">[electronic resource] /</subfield>
   <subfield code="c">Jasbir S. Arora.</subfield>
  </datafield>
  <datafield tag="250" ind1=" " ind2=" ">
   <subfield code="a">2nd ed.</subfield>
  </datafield>
  <datafield tag="260" ind1=" " ind2=" ">
   <subfield code="a">Amsterdam ;</subfield>
   <subfield code="a">Boston :</subfield>
   <subfield code="b">Elsevier/Academic Press,</subfield>
   <subfield code="c">2004.</subfield>
  </datafield>
  <datafield tag="300" ind1=" " ind2=" ">
   <subfield code="a">1 online resource (xxi, 728 p.) :</subfield>
   <subfield code="b">ill.</subfield>
  </datafield>
  <datafield tag="504" ind1=" " ind2=" ">
   <subfield code="a">Includes bibliographical references (p. 683-685) and index.</subfield>
  </datafield>
  <datafield tag="505" ind1="0" ind2=" ">
   <subfield code="a">Introduction to design -- Optimum design problem formulation -- Graphical optimization -- Optimum design concepts -- More on optimum design concepts -- Linear programming methods for optimum design -- More on linear programming methods for optimum design -- Numerical methods for unconstrained optimum design -- More on numerical methods for unconstrained optimum design -- Numerical methods for constrained optimum design -- More on numerical methods for constrained optimum design -- Introduction to optimum design with MATLAB -- Interactive design optimization -- Design optimization applications with implicit functions -- Discrete variable optimum design concepts and methods -- Genetic algorithms for optimum design -- Multiobjective optimum design concepts and methods -- Global optimization concepts and methods for optimum design.</subfield>
  </datafield>
  <datafield tag="520" ind1=" " ind2=" ">
   <subfield code="a">Introduction to Optimum Design is intended for use in a first course on engineering design and optimization. Virtually any problem for which specific parameters need to be determined to satisfy constraints can be formulated as a design optimization problem. The concepts and methods described in the text are quite general and applicable to all such formulations. Inasmuch, the range of application of the optimum design methodology is almost limitless, constrained only by the imagination and ingenuity of the user. Throughout the text, simple design problems involving two to three design variables and three to four constraints are solved in detail to illustrate fundamental concepts and basic ideas. The necessary results from optimization theory are stated and their implications are studied through application to engineering design problems. Theory and concepts of optimum design are explained only through examples and simple engineering applications. Several of the numerical procedures and concepts described in the text are useful in many other engineering courses and applications. * Allows engineers involved in the design process to adapt optimum design concepts in their work using the material in the text. * Basic concepts of optimality conditions and numerical methods are described with simple examples, making the material high teachable and learnable. * Classroom-tested for many years to attain optimum pedagogical effectiveness.</subfield>
  </datafield>
  <datafield tag="650" ind1=" " ind2="4">
   <subfield code="a">Engineering design</subfield>
   <subfield code="x">Mathematical models.</subfield>
  </datafield>
  <datafield tag="655" ind1=" " ind2="4">
   <subfield code="a">Electronic books.</subfield>
  </datafield>
  <datafield tag="852" ind1=" " ind2=" ">
   <subfield code="a">INST</subfield>
   <subfield code="b">UNIPILB</subfield>
   <subfield code="c">EBOOKS</subfield>
   <subfield code="e">20140721</subfield>
   <subfield code="p">00b47913</subfield>
   <subfield code="q">00b47913</subfield>
   <subfield code="t">ONLINE</subfield>
   <subfield code="y">0</subfield>
  </datafield>
  <datafield tag="856" ind1="4" ind2="0">
   <subfield code="3">ScienceDirect</subfield>
   <subfield code="u">http://www.sciencedirect.com/science/book/9780120641550</subfield>
  </datafield>
  <datafield tag="856" ind1="4" ind2=" ">
   <subfield code="d">/webopac/covers/03/47913_9780120641550.jpg</subfield>
  </datafield>
  <datafield tag="856" ind1="4" ind2=" ">
   <subfield code="d">/webopac/covers/03/47913_0120641550.jpg</subfield>
  </datafield>
  <datafield tag="856" ind1="4" ind2=" ">
   <subfield code="d">/webopac/covers/03/47913_0080470254.jpg</subfield>
   <subfield code="z">(electronic bk.)</subfield>
  </datafield>
  <datafield tag="856" ind1="4" ind2=" ">
   <subfield code="d">/webopac/covers/03/47913_9780080470252.jpg</subfield>
   <subfield code="z">(electronic bk.)</subfield>
  </datafield>
 </record>
</collection>
